000 00417nam a2200133Ia 4500
008 200626s9999 xx 000 0 und d
020 _a9.7815689536e+012
100 _aMcMillan, Terry
245 _cTerry McMillan.--
_aHow stella got her groove back/
260 _aNew York:
_bPenguin Group
_c1996
300 _a445 pages
650 _aAfrican American women -- Fiction.
650 _aAmericans -- Jamaica -- Fiction.
999 _c363810
_d363810